| 000 | 00740cam a2200229 a 4500 | ||
|---|---|---|---|
| 001 | 3907741 | ||
| 005 | 20180111084332.0 | ||
| 008 | 911120s1992 miu b 000 0 eng | ||
| 010 | _a 91044070 | ||
| 020 | _a0873717325 | ||
| 040 |
_aDLC _cDLC _dDLC |
||
| 041 | _aeng | ||
| 080 | _a628.52 CHR | ||
| 082 | 0 | 0 |
_a628.52 CHR _220 |
| 100 | 1 | _a9 | |
| 101 | _aMJE | ||
| 245 | 1 | 0 |
_aHandbook of environmental contaminants : _cChris L. Shineldecker. |
| 504 | _aIncludes bibliographical references (p. 362-363). | ||
| 906 |
_a7 _bcbc _corignew _d1 _eocip _f19 _gy-gencatlg |
||
| 942 |
_2ddc _cBK |
||
| 999 |
_c40137 _d40137 |
||